000 00552nam a22001457a 4500
020 _a978-1-4088-5571-3
082 _a823
_bROW/H
100 _aROWLING, J K
245 _aHARRY POTTER
_bAND THE DEATHLY HALLOWS
260 _aLONDON
_bBLOOMSBURY
_c2014
300 _a619
520 _aThe Deathly Hallows is about Harry Potter and his friends finding ways to destroy Voldemort. They learn that even good contains a bit of evil, and vise versa. Even though the trio faces many difficulties, they persevere.
650 _aNOVEL
_zUNITED KINGDOM
942 _cBK
999 _c3804
_d3804